01325namaa22002411i 450000500170000000800410001704000430005804100180010110000500011924502960016924602880046526400100075330000450076333600220080833700250083033800230085550200420087850400310092065300160095170000390096770000370100670000400104320260502122209.0260414s1995 ua a|||frm||| 000 0 eng d aEG-GICUCbengcEG-GICUCdEG-GICUCerda0 aengbengbara0 aMohamed Darwish Mohamed Betana,epreparation.10aThe Potential Use Of Genetically Engineered Baculoviruses ( Recombinant DNA ) For Minimizing The Cotton Bollworm, Hrliothis Virescens (F.) To Insecticides / cBy Mohamed Darwish Mohamed Betana; Supervisor Prof. Dr. Hosni S. M. Fahmy, Prof. Dr. Mohsen EL Guidy, Prof. Dr. Ahmed EL-Sharkaury. 15aإمكانية استخدام الفيروسات العصوية المهندسة وراثيا ( Recombinant DNA) كوسيلة لتقليل والتغلب على مشكلة مقاومة دودة اللوز الأمريكية Heliothis Virescens (F.) لمفعول المبيدات  0c1995. a87 Leaves : billustrations ;c30 cm. +  2rda contentatext 2rdamediaaUnmediated 2rdacarrieravolume aThesis (Ph.D)-Cairo University, 1995. aBibliography: pages 75-87. 0aPesticides 0 aHosni S. M. Fahmyethesis advisor.0 aMohsen EL Guidyethesis advisor.0 aAhmed EL-Sharkauryethesis advisor.